Osvobození bitva o Berlín 4

Bibliographic Details
Other Authors: Ozerov, Jurij, 1921-2001 (Author of dialog)
Format: Book
Language:Czech
PhysicalDescription:1 videokazeta (83 min.) stereo, fareb., VHS systém PAL 10x19 cm
Published: Ústí nad Labem Densy Home Video 1999
Subjects:

MARC

LEADER 00000nam a2200000 a 4500
001 vtls001254463
003 SK-MaSNL
005 20260301003556.0
008 251124s1999 xr 0 cze
035 |a SNK000205282 
040 |a SNK  |b slo  |c SNK  |e AACR2 
044 |a CZ 
080 |a 791.43(470)(086.8)  |2 1981 
245 1 |a Osvobození  |h videozáznam  |b bitva o Berlín  |n 4  |c réžia Jurij Ozerov 
260 |a Ústí nad Labem  |b Densy Home Video  |c 1999 
300 |a 1 videokazeta (83 min.)  |b stereo, fareb., VHS systém PAL  |c 10x19 cm 
650 0 7 |a filmy vojnové  |x videokazety  |2 SNK  |9 285090 
655 7 |a videokazety  |2 SNK  |9 70726 
700 1 |a Ozerov, Jurij,  |d 1921-2001  |4 aud  |9 63307 
999 |c 539733  |d 541663 
952 |a SNK  |b SNK  |y PREZ  |7 0  |p 17A0216999  |o snkIVC 105/4  |i snkJK 501/99  |0 0  |1 0  |4 0  |d 1999-12-15  |l 0  |r 2005-01-01 00:00:00  |w 2026-02-23